Θεωρία και προβλήματα για ανώτερα μαθηματικά

Αποθηκεύτηκε σε:
Λεπτομέρειες βιβλιογραφικής εγγραφής
Κύριος συγγραφέας: Wrede, Robert C.
Άλλοι συγγραφείς: Spiegel, Murray R.
Μορφή: Βιβλίο
Γλώσσα:Greek
English
Δημοσίευση: Θεσσαλονίκη : Τζιόλας, c2006.
Έκδοση:2η έκδ.
Σειρά:Schaum's outline series
Θέματα:
Ετικέτες: Προσθήκη ετικέτας
Δεν υπάρχουν, Καταχωρήστε ετικέτα πρώτοι!

MARC

LEADER 00000cam a2200000 i 4500
001 1/58205
008 071011s2006 gr | ||| |||| ||gre||
020 |a 9604180878 
035 |l 10091448 
040 |a GR-MyUa  |b gre  |e AACR2 
041 1 |a gre  |h eng 
082 7 |a 515.076   |2 (22) 
100 1 |a Wrede, Robert C. 
245 1 0 |a Θεωρία και προβλήματα για ανώτερα μαθηματικά /   |c [Robert Wrede, Murray R. Spiegel] ; επιμέλεια μετάφρασης: Αγάς Χ. Κωνσταντίνος.  
246 1 |i Μέρος τίτλου:   |a Ανώτερα μαθηματικά  
250 |a 2η έκδ.  
260 |a Θεσσαλονίκη :   |b Τζιόλας,   |c c2006.  
300 |a 528 σ. :   |b εικ. ;   |c 29 εκ.  
490 1 |a (Schaum's outline series) 
500 |a Τίτλος πρωτοτύπου: Schaum's outline of theory & problems of advanced calculus.  
500 |a Περιλαμβάνει ευρετήριο.  
650 0 |a Calculus  |v Outlines, syllabi, etc. 
650 0 |a Calculus  |v Problems, exercises, etc. 
700 1 |a Spiegel, Murray R. 
830 0 |a Schaum's outline series 
852 |a INST  |b LEMNOS  |e 20140925  |h 515.076 WRE  |p 005600001691  |q 005600001691  |t BK  |y 0 
852 |a INST  |b LESVOS  |e 20100526  |h 515.076 WRE  |p 005100047389  |q 005100047389  |t BK  |y 0 
852 |a INST  |b LESVOS  |e 20100526  |h 515.076 WRE  |p 005100047390  |q 005100047390  |t BK  |y 0 
852 |a INST  |b LESVOS  |e 20100526  |h 515.076 WRE  |p 005100047391  |q 005100047391  |t BK  |y 0 
852 |a INST  |b LESVOS  |e 20100526  |h 515.076 WRE  |p 005100047392  |q 005100047392  |t BK  |y 0 
852 |a INST  |b LESVOS  |e 20110707  |h 515.076 WRE  |p 005100050210  |q 005100050210  |t BK  |y 0 
852 |a INST  |b SAMOS  |e 20071214  |h 515.076 WRE  |p 005300027406  |q 005300027406  |t BK  |y 0 
852 |a INST  |b SAMOS  |e 20071214  |h 515.076 WRE  |p 005300027407  |q 005300027407  |t BK  |y 0 
852 |a INST  |b SAMOS  |e 20071214  |h 515.076 WRE  |p 005300027408  |q 005300027408  |t BK  |y 0 
852 |a INST  |b SAMOS  |e 20071214  |h 515.076 WRE  |p 005300027409  |q 005300027409  |t BK  |y 0 
852 |a INST  |b SAMOS  |e 20071214  |h 515.076 WRE  |p 005300027410  |q 005300027410  |t BK  |y 0 
852 |a INST  |b SAMOS  |e 20071011  |h 515.076 WRE  |p 005300028131  |q 005300028131  |t BK  |y 0 
852 |a INST  |b SAMOS  |e 20071011  |h 515.076 WRE  |p 005300028132  |q 005300028132  |t BK  |y 0 
852 |a INST  |b SAMOS  |e 20071011  |h 515.076 WRE  |p 005300028133  |q 005300028133  |t BK  |y 0 
852 |a INST  |b SYROS  |c EUDOXUS  |e 20130513  |h 515.076 WRE  |p 005500010767  |q 005500010767  |t EDX  |y 0 
852 |a INST  |b SYROS  |c EUDOXUS  |e 20130513  |h 515.076 WRE  |p 005500010768  |q 005500010768  |t EDX  |y 0 
901 |a BIBL5-2013-1 
901 |a BIBL3-2007-3 
901 |a BIBL1-2010-2 
901 |a BIBL1-2011-2 
901 |a BIBL6-2014-3 
920 |a Εύδοξος  |b Παραγγελία  |y Σύρος-ΤΜΣΠΣ  |z 2013-05 
920 |a Φοιτητική Μέριμνα  |y Σάμος  |z 2007-09 
970 |a Σιτζίμη  |b Γιασεμή  |z 11/10/2007